|
|
|
|
| LEADER |
00000nam a22000007a 4500 |
| 005 |
20181124115240.0 |
| 007 |
cr|||| |||| |
| 008 |
181124s2016 mx |||||s|||| 00||0 spa d |
| 020 |
|
|
|a 978-607-8447-79-4
|
| 035 |
|
|
|a 22478
|
| 040 |
|
|
|a vLex
|
| 090 |
|
|
|c 8327
|d 8327
|
| 100 |
1 |
|
|a Barrn̤ Cruz, Martn̕ Gabriel
|
| 245 |
1 |
0 |
|a Efectos que ha generado CSI en Mx̌ico y Espaą
|h [Recurso electrn̤ico] /
|c Martn̕ Gabriel Barrn̤ Cruz, Pedro Campoy Torrente, Abel Gonzl̀ez Garca̕
|
| 256 |
|
|
|a Servicio en ln̕ea
|
| 260 |
|
|
|a Ciudad de Mx̌ico:
|b Instituto de ciencias penales de Mx̌ico (INACIPE),
|c 2016
|
| 300 |
|
|
|a 1 recurso electrn̤ico
|
| 506 |
1 |
|
|a Disponible solo en los productos indicados
|d vLex Global
|d vLex Global (Academic Edition, excluding Law Schools)
|d vLex Global (U.S. Academic Edition, Law Schools)
|d vLex Global (U.S. Academic Edition, excluding Law Schools)
|d vLex Global (Academic Edition, Law Schools)
|
| 650 |
0 |
4 |
|a Derecho Penal
|z Mx̌ico
|
| 700 |
1 |
|
|a Campoy Torrente, Pedro
|
| 700 |
1 |
|
|a Gonzl̀ez Garca̕, Abel
|
| 740 |
0 |
|
|a vLex Libros (Servicio en ln̕ea)
|
| 856 |
4 |
0 |
|u http://vlex.com/source/efectos-generado-csi-mexico-espa-a-22478
|z Acceso restringido
|
| 942 |
|
|
|c BOOK
|
| 999 |
0 |
|
|a Criminal law
|